[Event "24th European Teams Women"]
[Site "Budva MNE"]
[Date "2023.11.20"]
[Round "9.16"]
[White "Paasikangas, Johanna"]
[Black "Manova, Ivana"]
[Result "1/2-1/2"]
[WhiteElo "2044"]
[BlackElo "1941"]
[EventDate "2021.11.11"]
[Board "2"]

1. d4 Nf6 2. Bf4 e6 3. e3 c5 4. c3 d5 5. Nd2 Nc6 6. Bd3 Bd6 7. Bxd6 Qxd6 8.
f4 Bd7 9. Nh3 Rc8 10. O-O Ne7 11. Kh1 Qb6 12. Rb1 cxd4 13. exd4 Bb5 14. Nf2
Nf5 15. Qb3 Bxd3 16. Qxb6 axb6 17. Nxd3 Nd6 18. Ne5 Nfe4 19. Nxe4 Nxe4 20.
Rbd1 f6 21. Nd3 g6 22. g3 Ke7 23. Kg2 h5 24. Kf3 Rh7 25. Nf2 Nd6 26. Rfe1
Kd7 27. Re2 Re7 28. h3 Rf8 29. Nd3 Rg8 30. Rg2 Ne4 31. Nf2 Nxf2 32. Rxf2 g5
33. Kg2 g4 34. h4 b5 35. a3 Kc6 36. Re1 Rge8 37. Kf1 Kd6 38. Re3 Ra8 39.
Ke2 Rae8 40. Kd3 Ra8 41. Kc2 Ra4 42. Kb3 f5 43. Rfe2 Kd7 44. Ka2 Ra6 45.
Re1 Re8 46. Ra1 Rea8 47. Kb3 Ra4 48. Kc2 R4a6 49. Ra2 Ra4 50. Kb1 R4a6 51.
Re1 Rc6 52. Rc1 Rca6 53. Ra1 Ra5 54. Kc2 R5a6 55. Kd3 Ra4 56. Ke3 R4a6 57.
Ra2 Kc6 58. Kd3 Ra5 59. Re1 Kd7 60. Rea1 Kc6 61. b3 R5a6 62. Kc2 Ra5 63.
Kb2 R5a6 64. a4 Kb6 65. axb5 Rxa2+ 66. Rxa2 Rc8 67. Kc2 Kxb5 68. Kd3 Kc6
69. c4 dxc4+ 70. bxc4 Kd6 71. Ra5 Rc7 72. Kc3 Kc6 73. Ra8 Rh7 74. Kb4 Rd7
75. Rc8+ Kb6 76. Kc3 Rh7 77. Re8 Rh6 78. Kb4 Kc6 79. Re7 b6 80. Ra7 Rh8 81.
Rg7 Rd8 82. Kc3 Ra8 83. Kb4 Rd8 84. Rg6 Rxd4 85. Rxe6+ Kc7 86. Re5 Rd3 87.
Rxf5 Rxg3 88. Rxh5 Rf3 89. f5 g3 90. Rg5 g2 91. Rxg2 Rxf5 92. Rg3 Rh5 93.
Rg4 Kc6 94. Rd4 Rh6 95. Kc3 b5 96. cxb5+ Kxb5 97. Rc4 Rh5 98. Kd3 Rh6 99.
Rf4 Kc5 100. Ke4 Kd6 101. Kf5 Ke7 102. Kg5 Rh8 103. Kg6 Rg8+ 104. Kh7 Rf8
105. Re4+ Kf6 106. Re3 Rf7+ 107. Kh6 Rf8 108. Rf3+ Ke7 109. Re3+ Kf6 110.
Kh7 Rf7+ 111. Kg8 Rg7+ 112. Kh8 Rg4 113. Rh3 1/2-1/2

[Event "24th European Teams Women"]
[Site "Budva MNE"]
[Date "2023.11.20"]
[Round "9.16"]
[White "Petrovska, Katerina"]
[Black "Puuska, Heini"]
[Result "1-0"]
[WhiteElo "1844"]
[BlackElo "1928"]
[EventDate "2021.11.11"]
[Board "3"]

1. e4 c5 2. f4 d5 3. exd5 Nf6 4. Bb5+ Bd7 5. Bxd7+ Qxd7 6. Nc3 Nxd5 7. Nxd5
Qxd5 8. Qf3 Qd7 9. Ne2 Nc6 10. a3 e6 11. d3 Be7 12. O-O Nd4 13. Nxd4 cxd4
14. c4 dxc3 15. bxc3 O-O 16. Rb1 b6 17. d4 Rac8 18. Qd3 Qc6 19. Bb2 g6 20.
Rbe1 Bf6 21. Qg3 Bg7 22. Rf3 Qd5 23. Bc1 Qh5 24. Qf2 Rfd8 25. Rh3 Qf5 26.
Kh1 Bf6 27. Qe2 Rd7 28. Rg1 Rdc7 29. Bd2 Qd5 30. Rf1 Qa2 31. Qe3 Bg7 32.
Rg3 Qxa3 33. h3 Qa2 34. f5 exf5 35. Kh2 Qd5 36. Re1 Bf8 37. Kh1 Rc6 38. Qg5
Re6 39. Rf1 Bg7 40. Qh4 Re4 41. Bf4 Qd8 42. Qxd8+ Rxd8 43. Rd3 Bf8 44. d5
Bd6 45. Bh6 Rde8 46. Rdd1 f6 47. Bc1 Re2 48. c4 R8e4 49. c5 bxc5 50. Ba3
R4e3 51. Bc1 Rc3 52. Bf4 Bxf4 53. Rxf4 Rcc2 54. Ra4 Rcd2 55. Rb1 Re7 56.
Rb8+ Kf7 57. Rd8 Rb7 58. Ra6 Ke7 59. Rh8 Rb1+ 60. Kh2 Rxd5 61. Rxh7+ Ke8
62. Raxa7 1-0

[Event "24th European Teams Women"]
[Site "Budva MNE"]
[Date "2023.11.20"]
[Round "9.16"]
[White "Norlamo, Sarabella"]
[Black "Trajkovska, Sanja"]
[Result "0-1"]
[WhiteElo "1894"]
[BlackElo "1844"]
[EventDate "2021.11.11"]
[Board "4"]

1. d4 f5 2. c4 e6 3. g3 Nf6 4. Bg2 Be7 5. Nf3 Ne4 6. O-O d5 7. Qc2 c6 8. b3
O-O 9. Ba3 Bxa3 10. Nxa3 Nd7 11. b4 Qe7 12. Qb3 Kh8 13. Nc2 Ndf6 14. h3 Bd7
15. Rfd1 Be8 16. Ne5 Nd7 17. Nxd7 Qxd7 18. Ne1 Bh5 19. Qc2 Qe7 20. a3 a5
21. c5 e5 22. dxe5 Qxe5 23. Bxe4 fxe4 24. g4 Bg6 25. e3 axb4 26. a4 h5 27.
f4 exf3 28. Qxg6 Qg3+ 29. Kf1 Qxh3+ 30. Kf2 hxg4 31. Nxf3 Qxf3+ 32. Kg1
Qxe3+ 33. Kh1 Qh3+ 34. Kg1 Qg3+ 35. Kh1 Rf6 36. Rd3 Qh4+ 0-1